Anime by Summary - Statistics

General Stats
  • This quiz has been taken 56 times
  • The average score is 8 of 13
Answer Stats
Hint Year Answer % Correct
A young man with rubber-like powers embarks in a grand adventure to find a long lost treasure 1999-Ongoing One Piece
100%
A detective and a genius teenager engage in a dangerous game of cat and mouse after the later finds a mysterious notebook with supernatural powers 2006-2007 Death Note
90%
In a city besieged by monstrous giants, a young man vows to destroy the creatures and avenge his mother 2013-Ongoing Attack On Titan
88%
In the year 2071, a crew of space cowboys takes on various jobs 1998-1999 Cowboy Bebop
83%
A martial artist seeks 7 powerful, wish granting orbs through the whole world. 1986-Ongoing Dragon Ball
81%
After a spell goes horribly wrong, a duo of brothers must find the Philosopher's Stone to regain their bodies 2003-2010 Fullmetal Alchemist
81%
After suddenly inheriting superpowers, a young teen must enroll into a hero academy and learn how to protect his city from villains 2016-Ongoing My Hero Academia
79%
A poor man finds a strange, dog-like creature that grants him incredible powers and is thrusted into a large-scale conflict against devils. 2022-ongoing Chainsaw Man
62%
Despite never meeting before, two high school students begin to mysteriously swap bodies 2016 Your Name
62%
A ten-year-old girl must work at a bathouse for a witch after her parents are turned into pigs 2001 Spirited Away
55%
In the cyberpunk city of Neo-Tokyo, the members of a biker gang face a crisis after one of their members gains incredible psychic powers 1988 Akira
40%
In 2029 Japan, a cyborg agent must hunt down a dangerous hacker known as "The Puppet Master" 1995 Ghost In The Shell
21%
A spy, an assasin and a child with psychic powers have to pretend to be a family. 2022-Ongoing Spy × Family
5%
No matching quizzes found
Score Distribution
Percent of People with Each Score
Percentile by Number Answered
Your Score History
You have not taken this quiz